Cargando…

My Father, Daniel Boone : The Draper Interviews with Nathan Boone /

My Father, Daniel Boone is an engaging account of one of America's great pioneers, in which Nathan makes a point of separating fact from fiction. From explaining the methods his father used to track game to detailing how land speculation and legal problems from title claims caused Boone to leav...

Descripción completa

Detalles Bibliográficos
Autor principal: Boone, Nathan, 1781-1856
Otros Autores: Hammon, Neal O., Draper, Lyman Copeland, 1815-1891, Boone, Olive Van Bibber, 1783-1858
Formato: Electrónico eBook
Idioma:Inglés
Publicado: Lexington : University Press of Kentucky, 1999.
Colección:Book collections on Project MUSE.
Temas:
Acceso en línea:Texto completo

MARC

LEADER 00000cam a22000004a 4500
001 musev2_22161
003 MdBmJHUP
005 20230905042347.0
006 m o d
007 cr||||||||nn|n
008 130716s1999 kyu o 00 0 eng d
020 |a 9780813143989 
020 |z 9780813126203 
020 |z 9780813143996 
020 |z 9780813134659 
020 |z 9780813121031 
035 |a (OCoLC)860626946 
040 |a MdBmJHUP  |c MdBmJHUP 
100 1 |a Boone, Nathan,  |d 1781-1856. 
245 1 0 |a My Father, Daniel Boone :   |b The Draper Interviews with Nathan Boone /   |c edited by Neal O. Hammon ; with an introduction by Nelson L. Dawson. 
264 1 |a Lexington :  |b University Press of Kentucky,  |c 1999. 
264 3 |a Baltimore, Md. :  |b Project MUSE,   |c 2014 
264 4 |c ©1999. 
300 |a 1 online resource (200 pages):   |b illustrations, maps 
336 |a text  |b txt  |2 rdacontent 
337 |a computer  |b c  |2 rdamedia 
338 |a online resource  |b cr  |2 rdacarrier 
500 |a Genealogical tables on endpapers. 
500 |a Lyman Draper's 1851 interviews with Nathan and Olive Boone. 
505 0 0 |t Introduction /  |r Nelson L. Dawson --  |g 1.  |t His Early Life --  |g 2.  |t The Hunter --  |g 3.  |t To Kentucky --  |g 4.  |t Captured by Indians --  |g 5.  |t Siege of Boonesboro --  |g 6.  |t Bryan's Station and the Blue Licks Defeat --  |g 7.  |t Point Pleasant --  |g 8.  |t Back to Kentucky --  |g 9.  |t To Missouri --  |g 10.  |t Hunting in Missouri --  |g 11.  |t The War of 1812 --  |g 12.  |t The Last Years --  |g App. A.  |t Nathan Boone's Letter --  |g App. B.  |t Family Genealogy. 
520 8 |a My Father, Daniel Boone is an engaging account of one of America's great pioneers, in which Nathan makes a point of separating fact from fiction. From explaining the methods his father used to track game to detailing how land speculation and legal problems from title claims caused Boone to leave Kentucky and take up residence farther west, Nathan Boone's portrait of his father brings a crucial period in frontier history to life. 
520 |a Born in 1815, archivist Lyman Draper was a tireless collector of oral history and is responsible for much of what we know about Daniel Boone. In an 1851 visit with Boone's youngest son, Nathan, and Nathan's wife, Olive, Draper produced over three hundred pages of notes that became the most important source of information about Daniel. The interviews provide a wealth of accurate, first-hand information concerning Boone's years in Kentucky, his capture by Indians, his defense of Fort Boonesboro, his lengthy hunting expeditions, and his final years in Missouri. 
546 |a English. 
588 |a Description based on print version record. 
600 1 7 |a Boone, Olive Van Bibber,  |d 1783-1858.  |2 fast  |0 (OCoLC)fst00428536 
600 1 7 |a Boone, Nathan,  |d 1781-1856.  |2 fast  |0 (OCoLC)fst00211521 
600 1 7 |a Boone, Daniel,  |d 1734-1820.  |2 fast  |0 (OCoLC)fst00043596 
600 1 1 |a Boone, Daniel,  |d 1734-1820. 
600 1 0 |a Boone, Olive Van Bibber,  |d 1783-1858  |v Interviews. 
600 1 0 |a Boone, Nathan,  |d 1781-1856  |v Interviews. 
600 1 0 |a Boone, Daniel,  |d 1734-1820. 
650 7 |a Pioneers.  |2 fast  |0 (OCoLC)fst01064447 
650 7 |a Frontier and pioneer life.  |2 fast  |0 (OCoLC)fst00935370 
650 7 |a HISTORY  |z United States  |x State & Local  |x General.  |2 bisacsh 
650 7 |a BIOGRAPHY & AUTOBIOGRAPHY  |x Historical.  |2 bisacsh 
650 6 |a Pionniers  |z Kentucky  |v Biographies. 
650 6 |a Pionniers  |z Kentucky  |x Biographies. 
650 0 |a Pioneers  |z Kentucky  |x Biography. 
650 0 |a Frontier and pioneer life  |z Kentucky. 
650 0 |a Pioneers  |z Kentucky  |v Biography. 
651 7 |a Kentucky.  |2 fast  |0 (OCoLC)fst01204494 
651 6 |a Kentucky  |v Biographies. 
651 6 |a Kentucky  |x Biographies. 
651 0 |a Kentucky  |x Biography. 
651 0 |a Kentucky  |v Biography. 
655 7 |a Biographies.  |2 rvmgf 
655 7 |a Biographies.  |2 lcgft 
655 7 |a Interviews.  |2 fast  |0 (OCoLC)fst01423832 
655 7 |a Biographies.  |2 fast  |0 (OCoLC)fst01919896 
655 7 |a collective biographies.  |2 aat 
655 7 |a Electronic books.   |2 local 
700 1 |a Hammon, Neal O. 
700 1 |a Draper, Lyman Copeland,  |d 1815-1891. 
700 1 |a Boone, Olive Van Bibber,  |d 1783-1858. 
710 2 |a Project Muse.  |e distributor 
830 0 |a Book collections on Project MUSE. 
856 4 0 |z Texto completo  |u https://projectmuse.uam.elogim.com/book/22161/ 
945 |a Project MUSE - Custom Collection 
945 |a Project MUSE - Archive Complete Supplement II 
945 |a Project MUSE - Archive History Supplement II